Ekonomické aspekty rozvoja družstevníctva v SR

Družstvá ako dôležitá súčasť krajín Európskej únie. Počet družstevných podnikov a počet zamestnancov. Situácia v oblasti družstevníctva na Slovensku. Percentuálne zastúpenie družstevníctva v jednotlivých sektoroch hospodárstva. Opodstatnenie rozvoja družstevníctva v období globalizácie.

Salvato in:
Dettagli Bibliografici
Autore principale: Šúbertová, Elena
Natura: Capitolo di libro
Lingua:slovacco
Soggetti:
Tags: Aggiungi Tag
Nessun Tag, puoi essere il primo ad aggiungerne!!

MARC

LEADER 00000naa$a2200000$$$4500
001 0022000
005 20221207121624.6
041 0 |a slo 
044 |a SK 
245 1 0 |a Ekonomické aspekty rozvoja družstevníctva v SR  |c Elena Šúbertová 
520 |a Družstvá ako dôležitá súčasť krajín Európskej únie. Počet družstevných podnikov a počet zamestnancov. Situácia v oblasti družstevníctva na Slovensku. Percentuálne zastúpenie družstevníctva v jednotlivých sektoroch hospodárstva. Opodstatnenie rozvoja družstevníctva v období globalizácie. 
610 2 0 |a družstevníctvo 
610 2 0 |a družstvá 
610 2 0 |a družstvá poľnohospodárske 
610 2 0 |a družstvá spotrebné 
610 2 0 |a družstvá bytové 
610 2 0 |a družstvá výrobné 
610 2 0 |a Európska únia 
610 2 0 |a Slovensko 
100 1 |a Šúbertová, Elena